Quality control and industrial statistics
Đã lưu trong:
| Tác giả chính: | |
|---|---|
| Định dạng: | Sách |
| Ngôn ngữ: | English |
| Được phát hành: |
Homewood, Illinois : Richard D. Irwin,
1986
|
| Phiên bản: | fifth |
| Các nhãn: |
Thêm thẻ
Không có thẻ, Là người đầu tiên thẻ bản ghi này!
|
MARC
| LEADER | 00000nam a2200000Ia 4500 | ||
|---|---|---|---|
| 003 | 002478 | ||
| 005 | 20221231143952.0 | ||
| 008 | 140114s1986 ilua 000 ||eng d | ||
| 040 | |c cru CEDI | ||
| 082 | |a 658.562 D911q | ||
| 100 | |a Duncan, Acheson Johnston, n. 1904 |9 21337 | ||
| 245 | |a Quality control and industrial statistics | ||
| 250 | |a fifth | ||
| 260 | |a Homewood, Illinois : Richard D. Irwin, |c 1986 | ||
| 300 | |a xxii, 1123 páginas :ilustraciones | ||
| 654 | |x CONTROL DE CALIDAD | ||
| 942 | |2 ddc |c BK | ||
| 999 | |c 14948 |d 14948 | ||
